00796nam a22002177a 450000500170000001000150001702000270003203500130005903700130007208200130008524501130009826000380021127000430024930000260029250000500031870000210036870000170038994200270040699900170043395201280045020141128152202.0 aENG-111247 a9788125055686c1125.00 aEN-94779 bDBAD/PUB a891.4414 aRabindranath Tagore :cedited by Martin Kampchen [and] Imre Bangha bone hundred years of global reception / aNew DelhibOrient Blackswanc2014 a1/24, Asaf Ali RoadbNew Delhie110002 axix, 671p. c24cm(Hb) aIncludes bibliographical references and index aKampchen, Martin aBangha, Imre 2ddccENmRABh891.4414 c90083d90083 001040718NFICaDBADbDBADd2014-11-17eDBAD/PUBg1125.00l0o891.4414 RABpEN-94779r2014-11-17 00:00:00t1v1125.00yEN